000 00510nam a2200169Ia 4500
999 _c1479
_d1479
003 OSt
005 20200923135649.0
008 190216s9999||||xx |||||||||||||| ||und||
040 _coclc
082 _a582.13095483
_bMAN/F
100 _aManilal, K S
_94884
245 0 _aFlora Of Calicut /
_cK S Manilal ; V V Sivarajan
260 _bBishen Singh Mahendra Palsingh,
_c1982.
_aDehradun:
300 _a387p
650 _aBotany
942 _cBK
_2ddc
_h582.13095483
_iMAN/F
_k582.13095483
_mMAN/F